Statistics for Oscar-Winning Films 2010-2019

Click here to take the quiz!

General Stats

  • This quiz has been taken 6 times
  • The average score is 35 of 107

Answer Stats

YearAnswer% Correct
Black Panther
83%
Green Book
83%
Joker
83%
Moonlight
83%
201312 Years a Slave
67%
Argo
67%
Brave
67%
Django Unchained
67%
Dunkirk
67%
Inception
67%
Interstellar
67%
La La Land
67%
Once Upon a Time in Hollywood
67%
Parasite
67%
2015The Big Short
67%
The Shape of Water
67%
Toy Story 3
67%
Toy Story 4
67%
Whiplash
67%
2014American Sniper
50%
Birdman or (The Unexpected Virtue of Ignorance)
50%
Bohemian Rhapsody
50%
Coco
50%
Dallas Buyers Club
50%
Frozen
50%
Get Out
50%
Hacksaw Ridge
50%
Hugo
50%
Inside Out
50%
I, Tonya
50%
Jojo Rabbit
50%
Les Misérables
50%
Lincoln
50%
Roma
50%
Silver Linings Playbook
50%
Spider-Man: Into the Spider-Verse
50%
Spotlight
50%
2011The Artist
50%
The Grand Budapest Hotel
50%
The King's Speech
50%
The Revenant
50%
The Social Network
50%
Vice
50%
Zootopia
50%
2016Arrival
33%
A Star Is Born
33%
Black Swan
33%
Fences
33%
Mad Max: Fury Road
33%
Phantom Thread
33%
Rango
33%
Selma
33%
Skyfall
33%
Spectre
33%
Suicide Squad
33%
The Danish Girl
33%
The Hateful Eight
33%
The Help
33%
The Iron Lady
33%
The Theory of Everything
33%
20191917
17%
Big Hero 6
17%
2017Blade Runner 2049
17%
Blue Jasmine
17%
Bombshell
17%
Bridge of Spies
17%
Darkest Hour
17%
Fantastic Beasts and Where to Find Them
17%
First Man
17%
Gravity
17%
Her
17%
Life of Pi
17%
Little Women
17%
Manchester by the Sea
17%
Marriage Story
17%
Midnight In Paris
17%
Rocketman
17%
The Descendants
17%
The Favourite
17%
The Fighter
17%
The Great Gatsby
17%
The Imitation Game
17%
Three Billboards Outside Ebbing, Missouri
17%
A Fantastic Woman
0%
2010Alice In Wonderland
0%
2012Amour
0%
Anna Karenina
0%
A Separation
0%
Beginners
0%
2018BlacKkKlansman
0%
Boyhood
0%
Call Me by Your Name
0%
Ex Machina
0%
Ford v Ferrari
0%
Ida
0%
If Beale Street Could Talk
0%
In A Better World
0%
Judy
0%
Room
0%
Son of Saul
0%
Still Alice
0%
The Girl With the Dragon Tattoo
0%
The Great Beauty
0%
The Jungle Book
0%
The Muppets
0%
The Salesman
0%
The Wolfman
0%

Score Distribution

Percentile by Number Answered

Percent of People with Each Score

Your Score History

You have not taken this quiz